|
|
|
|
| LEADER |
00000nam a2200000Ii 4500 |
| 001 |
DIGREVMGM0093 |
| 003 |
NyNyDIG |
| 006 |
m o d |
| 007 |
cr ||||||||||| |
| 008 |
241203s2014 sp ac o 000 0bspa d |
| 035 |
|
|
|a (OCoLC)1482222133
|
| 040 |
|
|
|a DGITA
|b eng
|e rda
|e pn
|c DGITA
|
| 020 |
|
|
|a 9788419233844
|q (pdf)
|
| 020 |
|
|
|a 9788417975654
|q (ePub)
|
| 020 |
|
|
|z 9786077515517
|q (Editorial RM, S.A. de C.V.)
|
| 020 |
|
|
|z 9788492480746
|q (Editorial RM Verlag)
|
| 043 |
|
|
|a n-mx---
|
| 050 |
1 |
4 |
|a ND259.K33 ebook
|
| 082 |
0 |
4 |
|a 759.972
|2 23
|
| 245 |
0 |
0 |
|a Frida Kahlo :
|b sus fotos /
|c Hilda Trujillo, idea original y coordinación general, Pablo Ortiz Monasterio, edición y puesta en página.
|
| 264 |
|
1 |
|a México, D.F., México :
|b Banco de México, Fiduciario en el Fideicomiso relativo a los Museos Diego Rivera y Frida Kahlo ;
|a Barcelona, España :
|b RM Verlag, S.L. ;
|a México, D.F., México :
|b Editorial RM, S.A. de C.V.,
|c [2014]
|
| 300 |
|
|
|a 1 online resource :
|b mainly illustrations, portraits.
|
| 336 |
|
|
|a text
|b txt
|2 rdacontent
|
| 337 |
|
|
|a computer
|b c
|2 rdamedia
|
| 338 |
|
|
|a online resource
|b cr
|2 rdacarrier
|
| 347 |
|
|
|a text file
|2 rdaft
|
| 347 |
|
|
|b PDF
|
| 347 |
|
|
|b EPUB
|
| 500 |
|
|
|a "Apoyo al Desarrollo de Archivos y Bibliotecas de México, ADABI, Clasificación de archivos."--Cover.
|
| 588 |
0 |
|
|a Online resource; title from PDF title page (Digitalia, viewed December 3, 2024)
|
| 600 |
1 |
0 |
|a Kahlo, Frida
|x Photograph collections.
|
| 600 |
1 |
0 |
|a Kahlo, Frida.
|
| 600 |
1 |
0 |
|a Kahlo, Frida
|x Homes and haunts.
|
| 600 |
1 |
0 |
|a Kahlo, Frida
|v Portraits.
|
| 600 |
1 |
0 |
|a Kahlo, Frida
|v Pictorial works.
|
| 650 |
|
0 |
|a Artists
|z Mexico
|v Biography.
|
| 650 |
|
0 |
|a Artists
|z Mexico
|v Portraits.
|
| 600 |
1 |
0 |
|a Kahlo, Frida
|x Friends and associates
|v Portraits.
|
| 650 |
|
0 |
|a Photography, Artistic.
|
| 650 |
|
0 |
|a Portrait photography.
|
| 610 |
2 |
0 |
|a Museo Frida Kahlo
|x Photograph collections.
|
| 700 |
1 |
|
|a Kahlo, Frida,
|e author.
|
| 700 |
1 |
|
|a Trujillo, Hilda,
|e editor.
|
| 700 |
1 |
|
|a Ortiz Monasterio, Pablo,
|e editor.
|
| 791 |
2 |
|
|a Digitalia (Firm),
|e distributor.
|
| 793 |
0 |
|
|g Digitalia eBook Collection:
|a Reverté Management
|
| 776 |
0 |
8 |
|i Print version:
|t Frida Kahlo.
|d México, D.F., México : Banco de México, Fiduciario en el Fideicomiso relativo a los Museos Diego Rivera y Frida Kahlo ; Barcelona, España : RM Verlag, S.L. ; México, D.F., México : Editorial RM, S.A. de C.V.,
|c [2014]
|z 9786077515517
|
| 856 |
4 |
0 |
|3 Digitalia Hispánica
|u https://www.digitaliapublishing.com/a/163004/
|
| 910 |
|
|
|a Premium collection: 2024
|